Jenny Ghechac

Đã lưu trong:
書目詳細資料
主要作者: Theodore Dreiser
格式: 圖書
語言:Undetermined
出版: Tp. HCM Văn Nghệ 2000
主題:
標簽: 添加標簽
沒有標簽, 成為第一個標記此記錄!
Thư viện lưu trữ: Trung tâm Học liệu Trường Đại học Cần Thơ
LEADER 00479nam a2200169Ia 4500
001 CTU_40527
008 210402s9999 xx 000 0 und d
082 |a 813.5 
082 |b D771 
100 |a Theodore Dreiser 
245 0 |a Jenny Ghechac 
245 0 |c Theodore Dreiser 
260 |a Tp. HCM 
260 |b Văn Nghệ 
260 |c 2000 
650 |a american fiction ( vietnamese ),american fiction - 20th century 
980 |a Trung tâm Học liệu Trường Đại học Cần Thơ